000 00510nam a2200217Ia 4500
003 OSt
005 20220918205220.0
006 a|||||r|||| 00| 0
007 ta
008 220917b |||||||| |||| 00| 0 eng d
024 _a115,739
037 _cTextual
040 _aARTS
_cARTS
_beng
041 _2eng
_aeng
082 _aV60j4p.N63, K3
245 0 _aWhat happened at Moshi
260 _c1963
650 _aHISTORY
942 _hV60j4p.N63, K3
_cTEXL
_2CC
999 _c239068
_d239068